Posada Herrera / (Record no. 185395)

MARC details
000 -LEADER
campo de control de longitud fija 00942nam a2200241 i 4500
001 - NÚMERO DE CONTROL
campo de control 185395
003 - IDENTIFICADOR DE NÚMERO DE CONTROL
campo de control ES-MaACL
005 - FECHA Y HORA DE LA ÚLTIMA TRANSACCIÓN
campo de control 20230906222424.0
008 - DATOS DE LONGITUD FIJA--INFORMACIÓN GENERAL
campo de control de longitud fija 160531s1946 sp cf |||| |bspa d
080 ## - NÚMERO DE LA CLASIFICACIÓN DECIMAL UNIVERSAL
Número de la Clasificación Decimal Universal 929 Posada Herrera, José
100 1# - ENTRADA PRINCIPAL--NOMBRE DE PERSONA
Nombre de persona Taxonera, Luciano de,
Fechas asociadas al nombre 1890-1967
9 (RLIN) 109428
245 10 - MENCIÓN DEL TÍTULO
Título Posada Herrera /
Mención de responsabilidad, etc. por Luciano de Taxonera.
260 ## - PUBLICACIÓN, DISTRIBUCIÓN, ETC.
Lugar de publicación, distribución, etc. Madrid :
Nombre del editor, distribuidor, etc. Purcalla,
Fecha de publicación, distribución, etc. 1946.
300 ## - DESCRIPCIÓN FÍSICA
Extensión 226 p., [4] h. de lám. ;
Dimensiones 21 cm.
490 1# - MENCIÓN DE SERIE
Mención de serie Medio siglo de historia ;
Designación de volumen o secuencia 5
504 ## - NOTA DE BIBLIOGRAFÍA, ETC.
Nota de bibliografía, etc. Bibliografía: p. [226]
594 ## - Nota al título y mención de responsabilidad
Nota al título y mención de responsabilidad Precede al tít.: Los presidentes del Consejo de la Monarquía Española, 1874-1931.
600 14 - PUNTO DE ACCESO ADICIONAL DE MATERIA--NOMBRE DE PERSONA
Nombre de persona Posada de Herrera, José de,
Fechas asociadas al nombre 1814-1885
9 (RLIN) 93329
830 1# - PUNTO DE ACCESO ADICIONAL DE SERIE-TÍTULO UNIFORME
Título uniforme Medio siglo de historia ;
Designación de volumen o secuencia 5
9 (RLIN) 192300
852 ## - LOCALIZACIÓN
Ubicación ES-MaACL
Número de control de estantería E-4329
Nota libre - Enc. cart.
852 1# - LOCALIZACIÓN
Ubicación BA
Número de control de estantería L-31582
Nota libre - Enc. cart.
-- - Donat. herederos de la bibl. de Mª del Pilar Costa Palacín
Holdings
Estatus retirado Estado de pérdida Estado de daño No para préstamo Biblioteca de origen Biblioteca actual Ubicación en estantería Fecha de adquisición Fuente de adquisición Total de préstamos Signatura topográfica completa Código de barras Visto por última vez Precio de reemplazo Tipo de ítem Koha
        Biblioteca del Ateneo de Madrid Biblioteca del Ateneo de Madrid Depósito 2 31/05/2016     E-4329 1195323 23/02/2023 23/02/2023 Libro impreso
        Biblioteca del Ateneo de Madrid Biblioteca del Ateneo de Madrid Depósito 2 17/05/2017     L-31582 1197578 23/02/2023 23/02/2023 Libro impreso